000 01704ncm0a2200325 4500
001 RU\NLR\ONIZ\194471
005 20260217123733.5
035 _a(NLR Aleph) 010403204
090 _a9717417
_c9717417
100 _a20110513d2004 |||y0rusy50 ca
101 0 _arus
102 _aRU
125 _azx
145 0 _ab
200 1 _a"На берегах Невы"
_bНоты
_eсюита вальсов
_fЕ. Рушанский
210 _aСанкт-Петербург
_cАстерион
_d2004
215 _a10 с.
_d30 см
300 _aНа с. 2 обл.: дарств. надпись композитора
313 _aСистематизация документа проведена по изданию - Методика классифицирования музыкальных произведений (нотных изданий) по таблицам Библиотечно-библиографических классификаций : метод. рекомендации / Гос. б-ка СССР им. В.И. Ленина.- М., 1977. Индексу ББК методических рекомендаций присваивается код ББК для научных библиотек - LBC/SL
686 _aЩ954.2-043(2Р=Р)
_vLBC/SL
_2rubbk
700 1 _6z01790
_aРушанский
_bЕ. А.
_f1941-
_gЕвгений Александрович
_4230
_4320
_4450
_7ca
790 1 _6z01700
_aRuschanskiy
_bE. A.
_f1941
_gEvgeniy Aleksandrovich
_4230
_4320
_4450
_7ba
801 0 _aRU
_bNLR
_c20110513
_gPSBO
801 1 _aRU
_bNLR
_c20110513
_2rusmarc
801 2 _aRU
_bNLR
_c20151105
852 _aNLR
_jМ 986/331
_m281410
_t1
942 _cSCORE
980 _aNB
980 _aONIZ